| 000 | 00497nam a22001577a 4500 | ||
|---|---|---|---|
| 003 | macl | ||
| 005 | 20180531163006.0 | ||
| 008 | 180531b xxu||||| |||| 00| 0 eng d | ||
| 040 | _cmacl | ||
| 082 | _a740 | ||
| 100 |
_aशेखावत ,प्रमोद _972684 |
||
| 245 | _aभारतीय चित्रकला | ||
| 260 |
_aउतर प्रदेश _bशिक्षा दीप प्रकाशन _c2015 |
||
| 650 |
_aचित्रकला _953024 |
||
| 942 |
_2ddc _cHIN |
||
| 999 |
_c58181 _d58181 |
||